003310000a22001210004500020001800000041000800018082001600026100004000042245007200082260003700154300001200191001000600203 a84-8280-399-90 aSPA04aG 861 B228c1 aBarba Jacob, Porfirio (1883–1942)10aCanción de la vida profunda y otros poemas / Porfirio Barba Jacob aBogotá, Colombia : Oveja Negra a117 Pag10986